Statistics for British to American English

Click here to take the quiz!

General Stats

  • This quiz has been taken 55 times
  • The average score is 8 of 15

Answer Stats

BritishAmerican% Correct
RubbishTrash / Garbage
83%
BiscuitCookie
79%
LooBathroom
69%
ChipsFrench Fries
69%
PavementSidewalk
69%
NappyDiaper
63%
ZedZee
63%
Ground FloorFirst Floor
58%
BootTrunk
52%
TaThanks / Thank You
46%
SpectaclesEyeglasses
40%
BonnetHood
40%
CutleryUtensils
27%
BogeyBooger
25%
Horse RidingHorseback Riding
25%

Score Distribution

Percentile by Number Answered

Percent of People with Each Score

Your Score History

You have not taken this quiz